Getting the picture : the ekphrastic principle in twentieth-century Spanish poetry /

Bibliographic Details
Main Author: Persin, Margaret Helen, 1948-
Format: Book
Language:English
Published: Lewisburg [Pa.] : London ; Cranbury, NJ : Bucknell University Press ; Associated University Presses, [1997]
Subjects:

MARC

Tag First Indicator Second Indicator Subfields
LEADER 00000cam a2200000 a 4500
001 in00001403339
005 20151020055458.0
008 960925s1997 pauaf b 001 0 eng
010 |a  96044360  
020 |a 0838753353 (alk. paper) 
035 |a (OCoLC)35673510 
035 |9 AHN4574AM 
040 |a DLC  |c DLC  |d TXA  |d UtOrBLW 
043 |a e-sp--- 
049 |a TXAM 
050 0 0 |a PQ6085  |b .P37 1997 
082 0 0 |a 861/.609  |2 21 
100 1 |a Persin, Margaret Helen,  |d 1948- 
245 1 0 |a Getting the picture :  |b the ekphrastic principle in twentieth-century Spanish poetry /  |c Margaret H. Persin. 
264 1 |a Lewisburg [Pa.] :  |b Bucknell University Press ;  |a London ;  |a Cranbury, NJ :  |b Associated University Presses,  |c [1997] 
264 4 |c ©1997 
300 |a 257 pages, 4 unnumbered pages of plates :  |b illustrations (some color) ;  |c 25 cm. 
336 |a text  |b txt  |2 rdacontent 
337 |a unmediated  |b n  |2 rdamedia 
338 |a volume  |b nc  |2 rdacarrier 
504 |a Includes bibliographical references and index. 
650 0 |a Spanish poetry  |y 20th century  |x History and criticism. 
650 0 |a Ekphrasis. 
948 |a c:cer 
999 |a MARS 
999 f f |s 7a3051b0-d438-3436-a3a6-d39c62a5b7da  |i 6417eb5a-e2ec-3301-97f8-5edcdfb47c6b  |t 0 
952 f f |p normal  |a Texas A&M University  |b College Station  |c Sterling C. Evans Library  |d Evans: Library Stacks  |t 0  |e PQ6085 .P37 1997  |h Library of Congress classification  |i unmediated -- volume  |m A14822090939 
998 f f |a PQ6085 .P37 1997  |t 0  |l Evans: Library Stacks